Towards a better business culture.
| Corporate Author: | |
|---|---|
| Format: | Book |
| Published: |
Kuala Lumpur:
Rotary International, District 3300,
1996.
|
| Subjects: |
| LEADER | 00545cam a2200169 7i4500 | ||
|---|---|---|---|
| 001 | 0000005351 | ||
| 005 | 19991025090000.0 | ||
| 002 | ##000006980 | ||
| 020 | 0 | 0 | |a T000005487 |
| 090 | 0 | 0 | |a S 174.4 |b NAT |
| 110 | 2 | 0 | |a National conference towards a better business culture(: |j Kuala Lumpur) |
| 245 | 1 | 0 | |a Towards a better business culture. |
| 260 | 0 | 0 | |a Kuala Lumpur: |b Rotary International, District 3300, |c 1996. |
| 300 | 0 | 0 | |a 50 p.. |
| 650 | 0 | 0 | |a Business ethics -- |z Malaysia |
| 651 | 0 | 0 | |a Malaysia |
| 999 | |a 0000007698 |b Book |c Open shelf |e Business Information Centre | ||